Normal view
MARC view
Entry Personal Name
001 - CONTROL NUMBER
- control field: 82785
003 - CONTROL NUMBER IDENTIFIER
- control field: dpl
005 - DATE AND TIME OF LATEST TRANSACTION
- control field: 20250708145444.0
008 - FIXED-LENGTH DATA ELEMENTS
- fixed length control field: 250708|| aca||aabn | a|a d
040 ## - CATALOGING SOURCE
- Original cataloging agency: dpl
- Transcribing agency: dpl
100 ## - HEADING--PERSONAL NAME
- Personal name: Le, Tao
670 ## - SOURCE DATA FOUND
- Source citation: Work cat.: (dpl)212243: Le, Tao, First Aid for the Usmle Step 1/, 2025
